[Event "Belgrade-chT2 Quality"]
[Site "Belgrade"]
[Date "2022.10.16"]
[Round "2.5"]
[White "Jerkin, Goran"]
[Black "Stefanovic, Ivo"]
[Result "1/2-1/2"]
[WhiteElo "1931"]
[BlackElo "1943"]
[PlyCount "56"]
[EventDate "2022.10.15"]
[EventType "team-tourn"]
[EventRounds "13"]
[EventCountry "SRB"]
[SourceTitle "EXT 2024"]
[Source "ChessBase"]
[SourceDate "2023.10.10"]
[SourceVersion "1"]
[SourceVersionDate "2023.10.10"]
[SourceQuality "1"]
[WhiteTeam "Zemun Teleoptik"]
[BlackTeam "Sremcica"]
[WhiteTeamCountry "SRB"]
[BlackTeamCountry "SRB"]

1. d4 d5 2. Nf3 Nf6 3. e3 e6 4. Bd3 Bd6 5. Nbd2 0-0 6. e4 dxe4 7. Nxe4 Nxe4 8. Bxe4 h6 9. 0-0 Nd7 10. b3 Nf6 11. Bd3 b6 12. Bb2 Bb7 13. c4 c5 14. dxc5 Bxc5 15. Qe2 Qe7 16. Ne5 Rfd8 17. Rad1 Ba3 18. Ba1 Bc5 19. Ng4 Nxg4 20. Qxg4 Qg5 21. Qxg5 hxg5 22. Bc2 f6 23. Bc3 a5 24. a4 Kf7 25. Rfe1 e5 26. Kf1 Ke7 27. f3 Rxd1 28. Rxd1 Rd8 1/2-1/2

[Event "Belgrade-chT Quality"]
[Site "Belgrade"]
[Date "2020.11.06"]
[Round "7.6"]
[White "Poleksic, Dusan"]
[Black "Jerkin, Goran"]
[Result "1-0"]
[WhiteElo "2032"]
[BlackElo "1984"]
[PlyCount "67"]
[EventDate "2020.10.09"]
[EventType "team-tourn"]
[EventRounds "9"]
[EventCountry "SRB"]
[SourceTitle "EXT 2022"]
[Source "ChessBase"]
[SourceDate "2021.10.06"]
[SourceVersion "1"]
[SourceVersionDate "2021.10.06"]
[SourceQuality "1"]
[WhiteTeam "Belgrade Turbina"]
[BlackTeam "Belgrade Teleoptik"]
[WhiteTeamCountry "SRB"]
[BlackTeamCountry "SRB"]

1. d4 Nf6 2. c4 g6 3. Nc3 Bg7 4. e4 d6 5. Be2 0-0 6. g4 e5 7. d5 a5 8. h4 Na6 9. h5 Re8 10. f3 Nd7 11. hxg6 hxg6 12. Be3 Bf6 13. Nh3 Bh4+ 14. Nf2 g5 15. Qd2 f6 16. 0-0-0 Nf8 17. Rxh4 gxh4 18. g5 Kf7 19. Ng4 Bxg4 20. fxg4 Kg6 21. gxf6 Qxf6 22. g5 Qh8 23. Bg4 Kg7 24. Qf2 Ng6 25. Qf6+ Kh7 26. Bf5 Qxf6 27. gxf6 Rf8 28. Bg5 Nc5 29. Rh1 Nd3+ 30. Kd2 Ndf4 31. Bxf4 exf4 32. Rxh4+ Kg8 33. Be6+ Rf7 34. Rg4 1-0

[Event "Belgrade-chTB Quality"]
[Site "Belgrade"]
[Date "2018.10.21"]
[Round "8.5"]
[White "Jerkin, Goran"]
[Black "Radojkovic, Vladica R"]
[Result "1/2-1/2"]
[WhiteElo "2009"]
[BlackElo "1984"]
[PlyCount "121"]
[EventDate "2018.09.29"]
[EventType "team-tourn"]
[EventRounds "11"]
[EventCountry "SRB"]
[SourceTitle "CBM 187 Extra"]
[Source "ChessBase"]
[SourceDate "2018.11.04"]
[SourceVersion "1"]
[SourceVersionDate "2018.11.04"]
[SourceQuality "1"]
[WhiteTeam "Belgrade Visan"]
[BlackTeam "Belgrade Rakovica"]
[WhiteTeamCountry "SRB"]
[BlackTeamCountry "SRB"]

1. d4 g6 2. Nf3 Bg7 3. e4 d6 4. Bc4 e6 5. 0-0 Ne7 6. Bg5 h6 7. Bh4 0-0 8. Nc3 c6 9. Qe2 b5 10. Bb3 a5 11. a3 Ba6 12. Qe3 Nd7 13. Ne2 Nb6 14. c3 Nc4 15. Bxc4 bxc4 16. Rad1 Qd7 17. Bxe7 Qxe7 18. e5 d5 19. Ng3 Rab8 20. Qc1 Rb6 21. Rfe1 Rfb8 22. Re2 Bf8 23. Nf1 Kh7 24. Ne1 Qc7 25. f4 c5 26. Nf3 Qc6 27. h3 Qb7 28. Rdd2 cxd4 29. Nxd4 Bc5 30. Rf2 Qe7 31. Kh2 Qc7 32. Ne3 h5 33. h4 Qe7 34. g3 Bb5 35. Rfe2 Ba4 36. Nf1 Bxa3 37. Qa1 Bd1 38. Qxd1 Bxb2 39. Rxb2 Rxb2 40. Nc6 Rb1 41. Qxb1 Rxb1 42. Nxe7 Rxf1 43. Nc6 Rc1 44. Nxa5 Rxc3 45. Nc6 Rd3 46. Nb4 Rb3 47. Nc2 Rd3 48. Ne1 Rd1 49. Kg2 d4 50. Kf2 d3 51. Ra2 c3 52. Nxd3 Rxd3 53. Ra8 Rd2+ 54. Ke3 Rh2 55. Rc8 c2 56. Kf3 Kg7 57. Rc7 Kf8 58. Rc8+ Ke7 59. Rc7+ Kd8 60. Rc5 Kd7 61. Ke3 1/2-1/2

[Event "Belgrade-chTB Quality"]
[Site "Belgrade"]
[Date "2018.09.30"]
[Round "2.5"]
[White "Mitrovic, Ratko"]
[Black "Jerkin, Goran"]
[Result "0-1"]
[WhiteElo "1820"]
[BlackElo "2009"]
[PlyCount "152"]
[EventDate "2018.09.29"]
[EventType "team-tourn"]
[EventRounds "11"]
[EventCountry "SRB"]
[SourceTitle "CBM 187 Extra"]
[Source "ChessBase"]
[SourceDate "2018.11.04"]
[SourceVersion "1"]
[SourceVersionDate "2018.11.04"]
[SourceQuality "1"]
[WhiteTeam "Belgrade BASK"]
[BlackTeam "Belgrade Visan"]
[WhiteTeamCountry "SRB"]
[BlackTeamCountry "SRB"]

1. d4 Nf6 2. c4 g6 3. g3 Bg7 4. Bg2 0-0 5. Nc3 d6 6. Nf3 Nbd7 7. 0-0 c6 8. Bf4 Nh5 9. Bd2 e5 10. Be3 Qe7 11. Qc1 f5 12. Bg5 Qf7 13. dxe5 Nxe5 14. b3 Nf6 15. Qd2 Qc7 16. Rad1 Nf7 17. Bf4 Rd8 18. b4 Qe7 19. Ng5 Nxg5 20. Bxg5 Be6 21. Qd3 Qf7 22. Rfe1 Bxc4 23. Qc2 d5 24. e3 Re8 25. a4 Ne4 26. Nxe4 fxe4 27. Bf4 Qe7 28. g4 Qxb4 29. Rb1 Qe7 30. Bf1 Bxf1 31. Rxf1 Qd7 32. h3 b6 33. Rfd1 Re6 34. Rb4 Qe7 35. Rb3 Rd8 36. Qe2 c5 37. Qa6 d4 38. exd4 Bxd4 39. Kg2 Rf8 40. Be3 Qf7 41. Qe2 Qf3+ 42. Qxf3 exf3+ 43. Kf1 c4 44. Ra3 Bxe3 45. fxe3 a6 46. Rc3 b5 47. axb5 axb5 48. Kf2 Re5 49. Rb1 Rc5 50. e4 Rf6 51. Ra3 c3 52. Rab3 Rfc6 53. Rc1 c2 54. h4 Rd6 55. Rb2 Rd2+ 56. Kxf3 Rc3+ 57. Kf4 b4 58. Rxb4 Rd1 59. Rxc2 Rxc2 60. Ke5 Rc7 61. Ke6 Rg1 62. e5 Kg7 63. Kd6 Ra7 64. Re4 Rd1+ 65. Ke6 Rb1 66. Rc4 Rb6+ 67. Kd5 Kf7 68. g5 Rd7+ 69. Ke4 Ke6 70. Kf4 Rd5 71. Rc7 Rb4+ 72. Kg3 Rd3+ 73. Kf2 Rb2+ 74. Ke1 Rh3 75. Rc6+ Kxe5 76. Rf6 Rhh2 0-1